| 000 | 01078cam a2200205 4500 | ||
|---|---|---|---|
| 001 | X102269 | ||
| 008 | 000000n1999 000 0 eng u | ||
| 035 | _a(Sirsi) u102269 | ||
| 245 | _aTown and country planning | ||
| 260 | _c1999 | ||
| 490 |
_aEstates Gazette Case Summaries _v[1999] EGCS 130, 13 November 1999 |
||
| 520 | _aR v Leicester CC ex parte Powergen UK plc QBD 29 October 1999. Powergen was granted outline planning permission with conditions to convert a disused power station into a retail development. Powergen then applied to amend the conditions to extend the time limit for approval of reserved matters and the supply of detailed plans of the site under s73 of the Town and Country Planning Act 1990.The council rejected both s73 applications. Held, application dismissed. | ||
| 650 | _aTOWN AND COUNTRY PLANNING ACT 1990 S73 | ||
| 650 | _aREDEVELOPMENT | ||
| 650 | _aTIME LIMITS | ||
| 650 | _aR V LEICESTER CITY COUNCIL AND ANOTHER EX P POWERGEN UK PLC | ||
| 650 | _aOUTLINE PLANNING PERMISSION | ||
| 690 | _aPLANNING LAW AND PRACTICE | ||
| 942 | _n0 | ||
| 999 |
_c61300 _d61300 |
||